Astrophysical Techniques (Record no. 1028)

MARC details
000 -LEADER
fixed length control field 00727 a2200241 4500
003 - CONTROL NUMBER IDENTIFIER
control field 0
005 - DATE AND TIME OF LATEST TRANSACTION
control field 20180712152643.0
008 - FIXED-LENGTH DATA ELEMENTS--GENERAL INFORMATION
fixed length control field 080822t xxu||||| |||| 00| 0 eng d
010 ## - LIBRARY OF CONGRESS CONTROL NUMBER
LC control number ENG-85075
020 ## - INTERNATIONAL STANDARD BOOK NUMBER
International Standard Book Number 8188689076
Terms of availability 425.00
035 ## - SYSTEM CONTROL NUMBER
System control number EN-68608, B-120663
037 ## - SOURCE OF ACQUISITION
Source of stock number/acquisition D.B.Act / Pub
040 ## - CATALOGING SOURCE
Transcribing agency 0
082 ## - DEWEY DECIMAL CLASSIFICATION NUMBER
Classification number 522
100 ## - MAIN ENTRY--PERSONAL NAME
Personal name Kitchin, C. R
245 ## - TITLE STATEMENT
Title Astrophysical Techniques
Statement of responsibility, etc by C.R.Kitchin
250 ## - EDITION STATEMENT
Edition statement 3rd ed
260 ## - PUBLICATION, DISTRIBUTION, ETC. (IMPRINT)
Place of publication, distribution, etc New Delhi
Name of publisher, distributor, etc Overseas Press India
Date of publication, distribution, etc 2005
270 ## - ADDRESS
Address 7/28, Ansari Road, Darya Ganj
City New Delhi
Postal code 110 002
Electronic mail address overseas@de13.vsnl.nic.in
300 ## - PHYSICAL DESCRIPTION
Extent xiv, 474p.
Other physical details 21cm. (Pbk)
500 ## - GENERAL NOTE
General note includes index and bibliography
942 ## - ADDED ENTRY ELEMENTS (KOHA)
Institution code [OBSOLETE] dpl
Koha item type English Books
Call number prefix 522/KIT
Source of classification or shelving scheme Dewey Decimal Classification
Classification part 522
Call number suffix KIT
Holdings
Withdrawn status Lost status Damaged status Not for loan Home library Current library Date acquired Cost, normal purchase price Total Checkouts Full call number Barcode Date last seen Copy number Uniform Resource Identifier Cost, replacement price Price effective from Koha item type Source of classification or shelving scheme Collection code Source of acquisition Date checked out
        D.B.Act.Division D.B.Act.Division 22/08/2008 425.00   522 KIT EN-68608 15/09/2008 1 1093 425.00 15/09/2008 English Books        
        Patel Nagar Patel Nagar 12/07/2018 425.00   522 KIT B-120663 12/07/2018     425.00 12/07/2018 English Books Dewey Decimal Classification Non-fiction BPPD/PUB  
        Sarojini Nagar Sarojini Nagar 27/05/2019   1 522 KIT B-120664 31/07/2019       27/05/2019 English Books Dewey Decimal Classification Non-fiction   17/07/2019

© Delhi Public Library
Hit Counter
free hit counter